Sommets des Vosges à plus de 1300m - Statistiques

Statistiques générales
  • Ce quiz a été pris 100 fois
  • Le résultat moyen est 2 sur 14
Statistiques - réponses
Hint Réponse % Correct
1424 m Grand Ballon
99%
1363 m Hohneck
58%
1350 m Kastelberg
18%
1305 m Rainkopf
16%
1306 m Gazon du Faing
9%
1316 m Rothenbachkopf
8%
1314 m Lauchenkopf
6%
1303 m Gazon de Faîte
5%
1306 m Haut de Falimont
5%
1302 m Soultzereneck
5%
1366 m Storkenkopf
5%
1311 m Batteriekopf
4%
1329 m Klintzkopf
4%
1302 m Ringbuhl
4%
Aucun quiz correspondant
Distribution des résultats
% des personnes avec chaque résultat
Percentile par nombre de réponses
Votre historique - résultats
Vous n’avez pas pris ce quiz